Arxius de l'Institut de Ciències
Descripción Física:
8 vols. enquadernats ; 33 cm. ; 27 cm. ; periodicitat: tres cops l'any, anual a partir de l'any 1917
MARC
| LEADER | 00000nas a2200000 a 4500 | ||
|---|---|---|---|
| 001 | 10070, 10071, 10072, 10073, 10074, 10075, 17049, 8655 | ||
| 003 | AGDB | ||
| 005 | 20260324181507.0 | ||
| 008 | 160829s9999 xx 000 0 cat d | ||
| 080 | |a Revistes | ||
| 245 | |a Arxius de l'Institut de Ciències | ||
| 260 | |a Barcelona : |b Institut d'Estudis Catalans ; |b Impr. d'Henrich ; |c [1911 - 1935] | ||
| 300 | |a 8 vols. enquadernats ; |c 33 cm. ; 27 cm. ; |b periodicitat: tres cops l'any, anual a partir de l'any 1917 | ||
| 362 | |a Any 1, núm. 1 (1 nov. 1911)-any 12, núm. 1 (gen./abr. 1924) ; 1927- | ||
| 590 | |a Bibliografia. | ||
| 590 | |a Descripció basada en: Any 1r. | ||
| 590 | |a Les dimensions varien. | ||
| 650 | |a Ciència |x Revistes |9 48205 | ||
| 655 | |a Revistes |9 55823 | ||
| 710 | 2 | |a Institut d'Estudis Catalans |9 52284 | |
| 710 | 2 | |a Institut de Ciències |9 71112 | |
| 785 | 0 | 0 | |t Arxius de la Secció de Ciències |
| 866 | |a Any 1 (1911) - Any 8 (1920) | ||
| 866 | |a Any 10 (1923) - Any 12 (1924) | ||
| 901 | |a Arxiu | ||
| 942 | |n 1 |2 udc |c REV | ||
| 952 | |0 0 |1 0 |2 udc |4 0 |7 1 |9 45173 |a Arxiu |b Arxiu |d 2016-12-01 |h Any 1, núm.1 (1911) - Any 1, núm. 3 (1912) |o Rev-111 |p 10070 |r 2016-12-01 00:00:00 |w 2016-12-01 |y ARXIU |z Al núm. 3 li falta la portada | ||
| 952 | |0 0 |1 0 |2 udc |4 0 |7 1 |9 62678 |a Arxiu |b Arxiu |d 2022-07-05 |h Any 2, núm. 1 (1913) - Any 2, núm. 3 (1914) |o Rev-112 |p 10071 |r 2022-07-05 00:00:00 |w 2022-07-05 |y ARXIU |z Falten les portades al núm. 2 i 3 | ||
| 952 | |0 0 |1 0 |2 udc |4 0 |6 REV113 |7 1 |9 62679 |a Arxiu |b Arxiu |d 2022-07-05 |h Any 3, núm. 1 (1915) - Any 3, núm. 3 (1915) |l 0 |o Rev-113 |p 10072 |r 2022-07-05 00:00:00 |w 2022-07-05 |y ARXIU |z Falten les portades al núm. 2 i 3 | ||
| 952 | |0 0 |1 0 |2 udc |4 0 |7 1 |9 62680 |a Arxiu |b Arxiu |d 2022-07-05 |h Any 4, núm 1 (1916) - Any 4, núm. 9 (1916) |o Rev-114 |p 10073 |r 2022-07-05 00:00:00 |w 2022-07-05 |y ARXIU |z Falten portades. Pàgines numerades correlativament, no distingeix per números. | ||
| 952 | |0 0 |1 0 |2 udc |4 0 |6 REV115 |7 1 |9 62681 |a Arxiu |b Arxiu |d 2022-07-05 |h Any 5, núm. 1 (1917) - Any 5, núm. 6 (1917) |l 0 |o Rev-115 |p 10074 |r 2022-07-05 00:00:00 |w 2022-07-05 |y ARXIU |z Falten portades. Pàgines numerades correlativament, no distingeix per números | ||
| 952 | |0 0 |1 0 |2 udc |4 0 |7 1 |9 62756 |a Arxiu |b Arxiu |d 2022-07-12 |h Any 6 (1918) - Any 8 (1920) |o Rev-116 |p 10075 |r 2022-07-12 00:00:00 |w 2022-07-12 |y ARXIU | ||
| 952 | |0 0 |1 0 |2 udc |4 0 |6 REV117 |7 1 |9 62757 |a Arxiu |b Arxiu |d 2022-07-12 |h Any 10 (1923) - Any 12 (1924) |l 0 |o Rev-117 |p 17049 |r 2022-07-12 00:00:00 |w 2022-07-12 |y ARXIU | ||
| 952 | |0 0 |1 0 |2 udc |4 0 |7 1 |9 62758 |a Arxiu |b Arxiu |d 2022-07-12 |h Any 1, núm. 2 (1912) |o Rev-118 |p 8655 |r 2022-07-12 00:00:00 |w 2022-07-12 |y ARXIU | ||
| 952 | |0 0 |1 0 |4 0 |6 REV2099 |7 1 |9 80632 |a Arxiu |b Arxiu |d 2023-06-22 |h Any 2, núm. 3 (1914) |o Rev-2099 |p 6248 |r 2023-06-22 00:00:00 |w 2023-06-22 |y ARXIU |z Duplicat | ||
| 952 | |0 0 |1 0 |4 0 |6 REV2099 |7 1 |9 80633 |a Arxiu |b Arxiu |d 2023-06-22 |h Any 3, núm. 2 (1915) |o Rev-2099 |p 6249 |r 2023-06-22 00:00:00 |w 2023-06-22 |y ARXIU |z Duplicat | ||
| 952 | |0 0 |1 0 |4 0 |6 REV2099 |7 1 |9 80634 |a Arxiu |b Arxiu |d 2023-06-22 |h Any 3, núm. 3 (1915) |o Rev-2099 |p 6250 |r 2023-06-22 00:00:00 |w 2023-06-22 |y ARXIU |z Duplicat | ||
| 952 | |0 0 |1 0 |4 0 |6 REV2099 |7 1 |9 80635 |a Arxiu |b Arxiu |d 2023-06-22 |h Any 4, núm. 2 (1916) |o Rev-2099 |p 6251 |r 2023-06-22 00:00:00 |w 2023-06-22 |y ARXIU |z Duplicat | ||
| 952 | |0 0 |1 0 |4 0 |6 REV2099 |7 1 |9 80636 |a Arxiu |b Arxiu |d 2023-06-22 |h Any 4, núm. 3 (1916) |o Rev-2099 |p 6252 |r 2023-06-22 00:00:00 |w 2023-06-22 |y ARXIU |z Duplicat | ||
| 952 | |0 0 |1 0 |4 0 |6 REV2099 |7 1 |9 80637 |a Arxiu |b Arxiu |d 2023-06-22 |h Any 4, núm. 4 (1916) |o Rev-2099 |p 6253 |r 2023-06-22 00:00:00 |w 2023-06-22 |y ARXIU |z Duplicat | ||
| 952 | |0 0 |1 0 |4 0 |6 REV2099 |7 1 |9 80638 |a Arxiu |b Arxiu |d 2023-06-22 |h Any 4, núm. 5 (1916) |o Rev-2099 |p 6254 |r 2023-06-22 00:00:00 |w 2023-06-22 |y ARXIU |z Duplicat | ||
| 952 | |0 0 |1 0 |4 0 |6 REV2099 |7 1 |9 80639 |a Arxiu |b Arxiu |d 2023-06-22 |h Any 4, núm. 7 (1916) |o Rev-2099 |p 6255 |r 2023-06-22 00:00:00 |w 2023-06-22 |y ARXIU |z Duplicat | ||
| 952 | |0 0 |1 0 |4 0 |6 REV2099 |7 1 |9 80640 |a Arxiu |b Arxiu |d 2023-06-22 |h Any 4, núm. 8 (1916) |o Rev-2099 |p 6256 |r 2023-06-22 00:00:00 |w 2023-06-22 |y ARXIU |z Duplicat | ||
| 952 | |0 0 |1 0 |4 0 |6 REV2099 |7 1 |9 80641 |a Arxiu |b Arxiu |d 2023-06-22 |h Any 5, núm. 1 (1917) |o Rev-2099 |p 6257 |r 2023-06-22 00:00:00 |w 2023-06-22 |y ARXIU |z Duplicat | ||
| 952 | |0 0 |1 0 |4 0 |6 REV2099 |7 1 |9 80642 |a Arxiu |b Arxiu |d 2023-06-22 |h Any 5, núm. 4 (1917) |o Rev-2099 |p 6258 |r 2023-06-22 00:00:00 |w 2023-06-22 |y ARXIU |z Duplicat | ||
| 999 | |c 48244 |d 48244 | ||